banner koha

Nota sobre a ocorrencia de Eupalea reinhardti Crotch. (Coleoptera, Coccinellidae)atacando Psylla sp. (Homoptera, Psyllidae)em sibipiruna (Caesalpinia pelthophoroides Benth.) (Registro n. 119027)

MARC details
000 -LÍDER
campo de controle de tamanho fixo 01103nas a2200289 4500
001 - NÚMERO DE CONTROLE
campo de controle BR8603121
003 - IDENTIFICADOR DO NÚMERO DE CONTROLE
campo de controle BR-BrBNA
005 - DATA E HORÁRIO DA ÚLTIMA TRANSAÇÃO
campo de controle 20231205090524.0
007 - CAMPO FIXO DE DESCRIÇÃO FÍSICA--INFORMAÇÃO GERAL
campo de controle de tamanho fixo ta
008 - CAMPO DE DADOS FIXOS--INFORMAÇÃO GERAL
campo de controle de tamanho fixo 230509b bl.|||p| |||| 00| 00por d
040 ## - FONTE DA CATALOGAÇÃO
Instituição da catalogação original BR-BrBNA
Idioma da catalogação por
Instituição que transcreveu o registro Biblioteca Nacional de Agricultura
041 ## - CÓDIGO DE IDIOMA
Código do idioma do texto/trilha sonora ou título diferente (Pt)
072 ## - CÓDIGO DE CATEGORIA DE ASSUNTO
Código de Categoria de Assunto H10
100 1# - ENTRADA PRINCIPAL--NOME PESSOAL
Nome pessoal Fraga, A.I.A.
100 1# - ENTRADA PRINCIPAL--NOME PESSOAL
Nome pessoal Berti Filho, E.
100 1# - ENTRADA PRINCIPAL--NOME PESSOAL
Nome pessoal Ciociola, A.I.
245 1# - TÍTULO
Título Nota sobre a ocorrencia de Eupalea reinhardti Crotch. (Coleoptera, Coccinellidae)atacando Psylla sp. (Homoptera, Psyllidae)em sibipiruna (Caesalpinia pelthophoroides Benth.)
246 1# - FORMA VARIANTE DO TÍTULO
Título/título abreviado [Note on the occurrence of Eupalea reinhardti Crotch. (Coleoptera, Coccinellidae)damaging Psylla sp. (Homoptera, Psyllidae)in Caesalpinia pelthophoroides Benth.]
650 ## - ASSUNTO--TERMO TÓPICO
Cabeçalho tópico ou nome geográfico SIBIPIRUNA
650 ## - ASSUNTO--TERMO TÓPICO
Cabeçalho tópico ou nome geográfico HOMOPTERO
650 ## - ASSUNTO--TERMO TÓPICO
Cabeçalho tópico ou nome geográfico COLEOPTERO
650 ## - ASSUNTO--TERMO TÓPICO
Cabeçalho tópico ou nome geográfico CONTROLE BIOLOGICO
650 ## - ASSUNTO--TERMO TÓPICO
Cabeçalho tópico ou nome geográfico INSETO PARA CONTROLE BIOLOGICO
773 0# - ENTRADA ANALÍTICA
Título Revista de Agricultura (Brazil)
ISSN - International Standard Serial Number ISSN 0034-7655
Partes relacionadas (Jun 1986), v. 61(1) p. 92
Número de controle do registro BR8603121
909 ## -
-- 202311
-- Lúcia
-- 55
-- Lúcia Elande
942 ## - ELEMENTOS DE ENTRADA ADICIONADOS (KOHA)
Fonte da classificação ou esquema de arquivamento na estante Classificação AGRIS
Ocultar no OPAC Não
Tipo de material Koha Analítica
Exemplares
Situação do descarte Fonte da classificação ou esquema de arquivamento na estante Situação física Não pode ser emprestado Biblioteca de origem Biblioteca atual Localização na estante Enumeração do periódico / cronologia Total de empréstimos Data de último acesso Número do exemplar Tipo de material Koha Fonte de aquisição
  Classificação AGRIS   Consulta local Biblioteca Nacional de Agricultura - Binagri Biblioteca Nacional de Agricultura - Binagri   (Jun 1986), v. 61(1) p. 92   29/11/2023 01 Periódicos Portaria Interministerial nº 164/94

BINAGRI

Telefone: (61)3218-2567/2388/3357/2097 - binagri@agro.gov.br

Ministério da Agricultura e Pecuária , Esplanada dos Ministérios, Bloco D, Anexo B, Brasília/DF, CEP: 70.043-900